Cocktail Insurgency (Record no. 222628)

MARC details
000 -LEADER
fixed length control field 00529nam a22001937a 4500
005 - DATE AND TIME OF LATEST TRANSACTION
control field 20220426111143.0
008 - FIXED-LENGTH DATA ELEMENTS--GENERAL INFORMATION
fixed length control field 220426b ||||| |||| 00| 0 eng d
040 ## - CATALOGING SOURCE
Transcribing agency AL
041 ## - LANGUAGE CODE
Language code of text/sound track or separate title English
082 ## - DEWEY DECIMAL CLASSIFICATION NUMBER
Edition number 23
Classification number 820.33
Item number BHIC
100 ## - MAIN ENTRY--PERSONAL NAME
Personal name Kishore Bhimani
100 ## - MAIN ENTRY--PERSONAL NAME
9 (RLIN) 31875
245 ## - TITLE STATEMENT
Title Cocktail Insurgency
260 ## - PUBLICATION, DISTRIBUTION, ETC.
Place of publication, distribution, etc. Calcutta
Name of publisher, distributor, etc. A Writers Workshop Publication
Date of publication, distribution, etc. 1989
300 ## - PHYSICAL DESCRIPTION
Extent 126 p.
Other physical details HB
Dimensions 21.5x14 cm.
365 ## - TRADE PRICE
Price amount ₹50.00
Currency code
Unit of pricing ₹50.00
650 ## - SUBJECT ADDED ENTRY--TOPICAL TERM
Topical term or geographic name entry element Fiction
9 (RLIN) 31876
700 ## - ADDED ENTRY--PERSONAL NAME
Personal name BHIMANI (Kishore)
9 (RLIN) 31877
942 ## - ADDED ENTRY ELEMENTS (KOHA)
Source of classification or shelving scheme Dewey Decimal Classification
Koha item type George Fernandes Collections
Holdings
Withdrawn status Lost status Source of classification or shelving scheme Damaged status Not for loan Collection code Home library Current library Date acquired Total Checkouts Full call number Barcode Date last seen Price effective from Koha item type
    Dewey Decimal Classification     English St Aloysius Library St Aloysius Library 03/24/2013   820.33 BHIC GF02280 04/26/2022 04/26/2022 George Fernandes Collections